Normal view MARC view
  • Kerry E. Sieh

Entry Personal Name

Number of records used in: 1

001 - CONTROL NUMBER

  • control field: 134202

003 - CONTROL NUMBER IDENTIFIER

  • control field: NUST

005 - DATE AND TIME OF LATEST TRANSACTION

  • control field: 20260417161324.0

008 - FIXED-LENGTH DATA ELEMENTS

  • fixed length control field: 260417|| aca||aabn | a|a d

040 ## - CATALOGING SOURCE

  • Original cataloging agency: NUST
  • Transcribing agency: NUST

100 ## - HEADING--PERSONAL NAME

  • Personal name: Kerry E. Sieh

670 ## - SOURCE DATA FOUND

  • Source citation: Work cat.: (NUST): Kerry E. Sieh, The Earth in Turmoil: Earthquakes, Volcanoes, and Their Impact on Humankind /, 1998.
© 2023 Central Library, National University of Sciences and Technology. All Rights Reserved.